An introduction to the theory of stationary random functions / (Record no. 6901)
[ view plain ]
| 000 -LEADER | |
|---|---|
| fixed length control field | 00973nam a22003011 4500 |
| 001 - CONTROL NUMBER | |
| control field | 6901 |
| 003 - CONTROL NUMBER IDENTIFIER | |
| rucl marc code | BD-RjUL |
| 005 - DATE AND TIME OF LATEST TRANSACTION | |
| control field | 20211208234333.0 |
| 008 - FIXED-LENGTH DATA ELEMENTS--GENERAL INFORMATION | |
| fixed length control field | 140112s1962 njua 001 0 eng |
| 035 ## - SYSTEM CONTROL NUMBER | |
| System control number | (BD-RjUL)6943 |
| 040 ## - CATALOGING SOURCE | |
| Original cataloging agency | DLC/ICU |
| Transcribing agency | ICU |
| Modifying agency | DLC |
| -- | BD-RjUL |
| Language of cataloging | eng |
| 041 1# - LANGUAGE CODE | |
| Language code of text/sound track or separate title | engrus |
| 082 00 - DEWEY DECIMAL CLASSIFICATION NUMBER | |
| Classification number | 517.5 |
| Author mark and year | YAI 1962 |
| 100 1# - MAIN ENTRY--PERSONAL NAME | |
| Personal name | I︠A︡glom, A. M. |
| 9 (RLIN) | 21661 |
| 245 03 - TITLE STATEMENT | |
| Title | An introduction to the theory of stationary random functions / |
| Statement of responsibility, etc. | A. M. I︠A︡glom |
| 250 ## - EDITION STATEMENT | |
| Edition statement | Rev. English ed. |
| 260 ## - PUBLICATION, DISTRIBUTION, ETC. (IMPRINT) | |
| Place of publication, distribution, etc. | Englewood Cliffs, N.J. : |
| Name of publisher, distributor, etc. | Prentice-Hall, |
| Date of publication, distribution, etc. | c1962. |
| 300 ## - PHYSICAL DESCRIPTION | |
| Pagination | xiii, 235 p. : |
| Illustrations | illus. ; |
| Size | 23 cm. |
| 504 ## - BIBLIOGRAPHY, ETC. NOTE | |
| Bibliography, etc | Includes index. |
| 650 #0 - SUBJECT ADDED ENTRY--TOPICAL TERM | |
| Topical term or geographic name as entry element | Time-series analysis. |
| 9 (RLIN) | 20577 |
| Topical term or geographic name as entry element | Stationary processes. |
| 9 (RLIN) | 21662 |
| 942 ## - ADDED ENTRY ELEMENTS (KOHA) | |
| Source of classification or shelving scheme | Dewey Decimal Classification |
| Koha item type | Books |
| Lost status | Source of classification or shelving scheme | Damaged status | Not for loan | Collection code | Permanent Location | Current Location | Shelving location | Date acquired | Source of acquisition | Cost, normal purchase price | Total Checkouts | Full call number | Date last seen | Copy number | Koha item type |
|---|---|---|---|---|---|---|---|---|---|---|---|---|---|---|---|
| Dewey Decimal Classification | Not For Loan | Non-fiction | Central Library, University of Rajshahi | Central Library, University of Rajshahi | 09/03/1964 | Zeitlinger | 64.00 | 517.5 YAI 1962 | 12/01/2014 | C-1 | Books |